000
00209nam a22000977a 4500
008
170117b xxu||||| |||| 00| 0 eng d
041
_a
eng
080
_a
618.2
245
_a
WOUND CLOSURE MANUAL
942
_2
udc
_c
BK
999
_c
2993
_d
2993